Todos os Pokémon com a letra A - Statistics

Estatísticas Gerais
  • Esse quiz foi jogado 18 vezes
  • A pontuação média é 14 de 45
Estatísticas das Respostas
Pokémon % Correto
Articuno
88%
Arcanine
75%
Abra
69%
Alakazam
56%
Ampharos
56%
Arbok
56%
Arceus
56%
Ariados
56%
Aerodactyl
44%
Abomasnow
38%
Aggron
38%
Anorith
38%
Archen
38%
Archeops
38%
Armaldo
38%
Aron
38%
Aipom
31%
Alomomola
31%
Altaria
31%
Ambipom
31%
Axew
31%
Azelf
31%
Absol
25%
Aegislash
25%
Amaura
25%
Araquanid
25%
Aurorus
25%
Azumarill
25%
Arboliva
19%
Arctozolt
19%
Avalugg
19%
Azurill
19%
Accelgor
13%
Alcremie
13%
Amoonguss
13%
Annihilape
13%
Appletun
13%
Applin
13%
Archaludon
13%
Arctibax
13%
Arctovish
13%
Armarouge
13%
Aromatisse
13%
Arrokuda
13%
Audino
13%
Nenhum quiz correspondente encontrado
Distribuição das Pontuações
Porcentagem de Pessoas com Cada Pontuação
Percentil de Números Respondidos
Sua Pontuação Histórica
Você não jogou esse quiz